日本の離島 面積順Top30 - Statistics

General Stats
  • This quiz has been taken 809 times
  • The average score is 17 of 30
Answer Stats
面積(km2) 都道府県 人口(万) 備考 名前 % Correct
3166.64 北海道 - 北方領土 択捉島
99%
1489.27 北海道 - 北方領土 国後島
96%
854.81 新潟県 5.2 佐渡島
96%
1208.47 沖縄県 145.7 沖縄本島
95%
592.44 兵庫県 12.7 淡路島
91%
712.41 鹿児島県 10.4 奄美大島
88%
695.74 長崎県 3.2 対馬
86%
443.78 鹿児島県 2.8 種子島
80%
504.25 鹿児島県 1.2 屋久島
79%
247.65 北海道 - 北方領土 色丹島
73%
182.08 北海道 0.2 利尻島
63%
153.27 香川県 1.4 小豆島
63%
222.24 沖縄県 5.0 石垣島
60%
326.36 長崎県 3.4 福江島(五島)
54%
142.70 北海道 0.3 奥尻島
52%
158.54 沖縄県 5.3 宮古島
49%
289.62 沖縄県 0.2 西表島
48%
574.95 熊本県 0.7 下島(天草)
47%
90.73 東京都 0.6 伊豆大島
46%
81.25 北海道 0.3 礼文島
46%
247.85 鹿児島県 1.0 徳之島
43%
225.85 熊本県 1.0 上島(天草)
39%
91.33 広島県 2.2 能美島(江田島)
38%
241.53 島根県 1.3 島後(隠岐)
36%
134.63 長崎県 2.5 壱岐島
31%
93.65 鹿児島県 1.2 沖永良部島
26%
163.44 長崎県 1.6 平戸島
22%
168.39 長崎県 1.6 中通島(五島)
16%
128.49 山口県 1.5 屋代島
13%
90.67 鹿児島県 1.0 長島(天草)
11%
No matching quizzes found
Score Distribution
Percent of People with Each Score
Percentile by Number Answered
Your Score History
You have not taken this quiz